|
|
|
|
| LEADER |
03090nam a2200361 a 4500 |
| 001 |
GR-Antirio542 |
| 008 |
090210s2005 enk b 001 0 gre d |
| 020 |
|
|
|a 0521845270
|
| 040 |
|
|
|a GrPaTEI
|b gre
|c GR-PaULI
|
| 040 |
|
|
|a GrPaTEI
|b gre
|c GR-PaULI
|
| 040 |
|
|
|a GrPaTEI
|b gre
|c GR-PaULI
|
| 082 |
|
0 |
|a 621.382
|2 22
|
| 100 |
0 |
|
|a Tse, David
|
| 245 |
1 |
0 |
|a Fundamentals of wireless communications /
|c Tse, David and Viswanath, Pramod.
|
| 260 |
|
|
|a Cambridge , UK. , New York :
|b Cambridge University Press,
|c c 2005
|
| 300 |
|
|
|a xxi., 564 σ. :
|b εικ. ;
|c 25 εκ.
|
| 504 |
|
|
|a Περιλαμβάνει βιβλιογραφίες και ευρετήριο.
|
| 650 |
1 |
0 |
|a Wireless communication systems
|
| 700 |
0 |
|
|a Viswanath, Pramod
|
| 942 |
|
|
|2 ddc
|
| 952 |
|
|
|0 0
|1 0
|2 ddc
|4 0
|6 621_382000000000000_TSE
|7 0
|9 261669
|a LISK-2
|b LISK-2
|c BSC
|d 2021-01-17
|e 24
|f 0
|g 0.00
|l 0
|o 621.382 TSE
|p 2430000006598
|r 2021-01-17 00:00:00
|t 1
|w 2021-01-17
|y BK15
|x 20090210 0 1
|x GrPaTEI - Antirrio
|
| 952 |
|
|
|0 0
|1 0
|2 ddc
|4 0
|6 621_382000000000000_TSE
|7 0
|9 261670
|a LISK-2
|b LISK-2
|c BSC
|d 2021-01-17
|e 24
|f 0
|g 0.00
|l 0
|o 621.382 TSE
|p 2430000006599
|r 2021-01-17 00:00:00
|t 1
|w 2021-01-17
|y BK15
|x 20090210 0 1
|x GrPaTEI - Antirrio
|
| 952 |
|
|
|0 0
|1 0
|2 ddc
|4 0
|6 621_382000000000000_TSE
|7 0
|9 261671
|a LISK-2
|b LISK-2
|c BSC
|d 2021-01-17
|e 24
|f 0
|g 0.00
|l 0
|o 621.382 TSE
|p 99243000008377
|r 2021-01-17 00:00:00
|t 1
|w 2021-01-17
|y BK15
|x GrPaTEI - Antirrio
|
| 952 |
|
|
|0 0
|1 0
|2 ddc
|4 0
|6 621_382000000000000_TSE
|7 0
|9 261672
|a LISK-2
|b LISK-2
|c BSC
|d 2021-01-17
|e 24
|f 0
|g 0.00
|l 0
|o 621.382 TSE
|p 99243000008378
|r 2021-01-17 00:00:00
|t 1
|w 2021-01-17
|y BK15
|x GrPaTEI - Antirrio
|
| 952 |
|
|
|0 0
|1 0
|2 ddc
|4 0
|6 621_382000000000000_TSE
|7 0
|9 261673
|a LISK-2
|b LISK-2
|c BSC
|d 2021-01-17
|e 24
|f 0
|g 0.00
|l 0
|o 621.382 TSE
|p 99243000008379
|r 2021-01-17 00:00:00
|t 1
|w 2021-01-17
|y BK15
|x GrPaTEI - Antirrio
|
| 952 |
|
|
|0 0
|1 0
|2 ddc
|4 0
|6 621_382000000000000_TSE
|7 0
|9 261674
|a LISK-2
|b LISK-2
|c BSC
|d 2021-01-17
|e 24
|f 0
|g 0.00
|l 0
|o 621.382 TSE
|p 99243000008380
|r 2021-01-17 00:00:00
|t 1
|w 2021-01-17
|y BK15
|x GrPaTEI - Antirrio
|
| 952 |
|
|
|0 0
|1 0
|2 ddc
|4 0
|6 621_382000000000000_TSE
|7 0
|9 261675
|a LISK-2
|b LISK-2
|c BSC
|d 2021-01-17
|e 24
|f 0
|g 0.00
|l 0
|o 621.382 TSE
|p 99243000008381
|r 2021-01-17 00:00:00
|t 1
|w 2021-01-17
|y BK15
|x GrPaTEI - Antirrio
|
| 952 |
|
|
|0 0
|1 0
|2 ddc
|4 0
|6 621_382000000000000_TSE
|7 0
|9 261676
|a LISK-2
|b LISK-2
|c BSC
|d 2021-01-17
|e 24
|f 0
|g 0.00
|l 0
|o 621.382 TSE
|p 99243000008382
|r 2021-01-17 00:00:00
|t 1
|w 2021-01-17
|y BK15
|x GrPaTEI - Antirrio
|
| 952 |
|
|
|0 0
|1 0
|2 ddc
|4 0
|6 621_382000000000000_TSE
|7 0
|9 261677
|a LISK-2
|b LISK-2
|c BSC
|d 2021-01-17
|e 24
|f 0
|g 0.00
|l 0
|o 621.382 TSE
|p 99243000008383
|r 2021-01-17 00:00:00
|t 1
|w 2021-01-17
|y BK15
|x GrPaTEI - Antirrio
|
| 952 |
|
|
|0 0
|1 0
|2 ddc
|4 0
|6 621_382000000000000_TSE
|7 0
|9 261678
|a LISK-2
|b LISK-2
|c BSC
|d 2021-01-17
|e 24
|f 0
|g 0.00
|l 0
|o 621.382 TSE
|p 99243000008384
|r 2021-01-17 00:00:00
|t 1
|w 2021-01-17
|y BK15
|x GrPaTEI - Antirrio
|
| 952 |
|
|
|0 0
|1 0
|2 ddc
|4 0
|6 621_382000000000000_TSE
|7 0
|9 261679
|a LISK-2
|b LISK-2
|c BSC
|d 2021-01-17
|e 24
|f 0
|g 0.00
|l 0
|o 621.382 TSE
|p 99243000008385
|r 2021-01-17 00:00:00
|t 1
|w 2021-01-17
|y BK15
|x GrPaTEI - Antirrio
|
| 971 |
|
|
|a .b25703419
|b 01-10-20
|c 12-09-16
|
| 999 |
|
|
|c 151010
|d 151010
|